000 00819nam a2200253Ia 4500
003 OSt
005 20220918171027.0
006 a|||||r|||| 00| 0
007 ta
008 220917b |||||||| |||| 00| 0 eng d
020 _a9781137612151 (pbk)
_cINR 799.00
024 _a320,525
037 _b155, 01/03/2017, Classic Book Service
_cTextual
040 _aARTS
_cARTS
_beng
041 _2eng
_aeng
082 _aW6, Q7
100 _aGrill Graeme Au.
_933284
245 0 _aDynamics of democratization
_b elites, civil society and the transition process
260 _aLondon
_bMacmillan Press UK
_c2000
300 _avii,287p.
_ccm.
650 _aPOLITICAL SCIENCE; DEMOCRACY
_915468
942 _hW6, Q7
_cTEXL
_2CC
999 _c137377
_d137377